Quando chega um bebé (Registo nº 75471)

Detalhes MARC
000 -Etiqueta do registo
campo de controlo de comprimento fixo 00384 2200157 4500
001 - Identificador do registo
Campo de controlo 75471
005 - Identificador da versão
Campo de controlo 20260211141616.0
010 ## - ISBN
Número (ISBN) 978-989-570-347-0-
100 ## - Dados Gerais de Proc.
Dados gerais de processamento 20260211d2024 c||y0pory50 ba
200 ## - Título
Título próprio Quando chega um bebé
Primeira menção de responsabilidade Ruth Behar
Outras menções de responsabilidade il. Maribel Lechuga
205 ## - Menção da edição
Menção da edição 1ªed
210 ## - Publicação, Distribuição
Nome do editor, distribuidor, etc. Alma dos Livros
Data da publicação, distribuição, etc. 2024
215 ## - Descrição física
Descrição física 32p.
675 ## - CDU
Notação 82
Edição 1ªed
090 ## - Números de controlo do sistema (Koha)
Número biblioitem do Koha (gerado automaticamente) 75471
942 ## - Elementos de entrada adicionados (Koha)
Tipo de item no Koha Monografias
Suprimido Disponível no OPAC
Exemplares
Removido (estado) Perdido (estado) Data de aquisição Origem do registo (biblioteca) (codificado) Código da organização que empresta ou é detentora (biblioteca) Código de barras Número de inventário Cota Data de empréstimo ou depósito Termo da data do empréstimo Tipo de circulação (não pode ser emprestado) Tipo de item e material
Disponível Disponível 2026-02-11 Biblioteca EB23 D. Manuel I Biblioteca EB23 D. Manuel I BEBDMI9700 9700 I - 3 BEH 2026-03-26 2026-04-17 Normal Monografias